000 00818cam a2200253 04500
001 5941
021 _b22205/88
090 _a5941
100 _a20211231d1988 m||y0pory5003 ba
200 1 _aJoão sem-medo
_fil. José M. Lavarello
_gadapt.à língua portuguesa por Isabel Patrícia e Martins da Rocha
_gtrad. Espiridia Viterbo
210 9 _aPorto
_cEdinter
_d1988
215 _a[27] p.
_cmuito il.
_d20 cm
225 2 _aContos de sempre
_v4
606 _914
_aLiteratura infantil
606 _913
_aLiteratura Estrangeira
675 _a82-93
_vBN
_zpor
675 _a821.1/.8
_vBN
_zpor
702 _aLavarello
_bJosé Mª
_94686
702 _aPatrícia
_bIsabel
_92613
702 _aRocha
_bMartins da
_92518
702 _aViterbo
_bMaria Espirídia
_95631
801 0 _aPT
_bBMVN
_gRPC
830 _cAna Caetano
_d31/12/2021
990 _cLIVROS